LEADER 00911nam a2200241 i 4500 001 000000230117 003 CaOOAMICUS 005 20140527000000.0 008 140527s1933 fr u000 u fre u 013 $a209019 040 $aSeMil$bita 245 10$a1a-2ae, Questions 49-60 /. 300 $a487 p. 500 $aFondo card. Giovanni Colombo. 700 0 $aTommaso : d'Aquino,$c.$0(OLS)http://semarc/name/423 700 1 $aBernard, Régis,$c.$0(OLS)http://semarc/name/89592 773 0 $aTommaso : d'Aquino $tSomme Théologique.$dParis ; Tournai ; Rome : Desclée & Cie, 1926-1938.$w()30229 773 0 $tVertu.$g1$w()30681 850 $aSeMil 852 $aSeMil$W1$xVenegono$y1$m3GC I 103$j180463$B180463$CSeMilBibl$Z2$F192546 $8B 941 1 $a3 961 $aLascito: Colombo Card. Giovanni 996 $6245$a1a-2ae, Questions 49-60$9(OLS)http://semarc/title/186466 LEADER 01151nam a2200253 i 4500 001 000000226440 003 CaOOAMICUS 005 20140123000000.0 008 140123s1932 it u000 u ita u 013 $a205342 040 $aSeMil$bita 245 10$aIntroduzione, traduzione e commento. 300 $a81 p. 500 $aContiene : Nota bibliografica. 600 04$aPaolo .$0(OLS)http://semarc/subject/1316 650 4$aApocalittica.$0(OLS)http://semarc/subject/8590 650 4$aBibbia - Apocrifi - Commentari, studi, critica, interpretazioni.$0(OLS)http://semarc/subject/8747 650 4$aBibbia. Nuovo Testamento. Apocrifi - Commentari, studi, critica e interpretazioni.$0(OLS)http://semarc/subject/2408 650 4$aPatristica.$0(OLS)http://semarc/subject/3585 700 1 $aRicciotti, Giuseppe,$d<1890-1964>.$0(OLS)http://semarc/name/10747 773 0 $tApocalisse di Paolo Siriaca.$dBrescia : Morcelliana, 1932.$g1$w()29352 850 $aSeMil 852 $aSeMil$W1$xVenegono$y1$m2W IV 97$j176786$B176786$CSeMilBibl$Z2$F187705 $81 996 $6245$aIntroduzione, traduzione e commento$9(OLS)http://semarc/title/324226